| 000 | 00000nas##2200000za#4500 |
| 001 | 9.514933 |
| 003 | CaOODSP |
| 005 | 20200325130920 |
| 007 | ta |
| 008 | 150406c1984||||xxc|| m #||||f| |0eng|d |
| 040 | |aCaOODSP|beng |
| 043 | |an-cn--- |
| 086 | 1 |aYM32-2E |
| 245 | 00|aBackground papers |
| 260 | |aOttawa - Ontario : |bLibrary of Parliament. |
| 500 | |aDepositories: The following publications are marked as obtainable by mailing list (p<b p<b). Please note that the depository mailing list is for the complete series, Background paper. |
| 520 | 3 |aHighly popular and ideal research materials for high school, college and university teachers and students. Prepared for parliamentarians, these papers are updated regularly and contain a chronology of events, Parliamentary action and a select reading list. |
| 563 | |aSoftcover |
| 710 | 1 |aCanada.|bLibrary of Parliament.|bResearch Branch. |
| 775 | 08|tÉtudes générale |w(CaOODSP)9.513267 |